RESEARCH METHODS AND STATISTICS AN INTEG (Record no. 29989)

MARC details
000 -LEADER
fixed length control field 00333nam a2200133Ia 4500
008 - FIXED-LENGTH DATA ELEMENTS--GENERAL INFORMATION
fixed length control field 240624s9999 xx 000 0 und d
041 ## - LANGUAGE CODE
Language code of text/sound track or separate title eng
082 ## - DEWEY DECIMAL CLASSIFICATION NUMBER
Classification number 300.72 WIL
100 ## - MAIN ENTRY--PERSONAL NAME
Personal name WILSON JANIE H
245 ## - TITLE STATEMENT
Title RESEARCH METHODS AND STATISTICS AN INTEG
260 ## - PUBLICATION, DISTRIBUTION, ETC.
Date of publication, distribution, etc. 2017
Place of publication, distribution, etc. New Delhi
Name of publisher, distributor, etc. sage
300 ## - PHYSICAL DESCRIPTION
Extent 466 p.; 23 cm.
365 ## - TRADE PRICE
Currency code
Price amount 32
Holdings
Withdrawn status Lost status Damaged status Not for loan Home library Current library Shelving location Date acquired Cost, normal purchase price Full call number Barcode Date last seen Copy number Price effective from Koha item type
        IMTN IMTN Rack 5-A 12/06/2017 105.00 300.72 WIL 29989 06/24/2024 67.3 06/24/2024 Books
Designed & Maintained by: LRC IMT Nagpur Contact: lrc@imtnag.ac.in© 2024. All Rights Reserved.